TIMSS: estudio internacional de tendencias en Matemática y Ciencias. Marco de evaluación, preguntas y ejemplos de respuestas de la prueba
Uloženo v:
| Korporativní autor: | |
|---|---|
| Médium: | Kniha |
| Jazyk: | španělština |
| Vydáno: |
Santiago
Timss and Pirls
2011
|
| Témata: | |
| Tagy: |
Přidat tag
Žádné tagy, Buďte první, kdo vytvoří štítek k tomuto záznamu!
|
MARC
| LEADER | 00000cam a2200000 a 4500 | ||
|---|---|---|---|
| 001 | UCF9005 | ||
| 003 | CL-VaPUC | ||
| 008 | 131018e20110000cl |||||||||||||||||spa|d | ||
| 082 | 0 | 4 | |a 371.26 |b AGE |2 21 |
| 110 | 2 | |a Agencia de Calidad de la Educación |e author |9 571148 | |
| 245 | 1 | 0 | |a TIMSS: estudio internacional de tendencias en Matemática y Ciencias. Marco de evaluación, preguntas y ejemplos de respuestas de la prueba |
| 300 | |a v | ||
| 942 | |c BK | ||
| 945 | |d 20131018 14:00:00 |a dcastane | ||
| 260 | |a Santiago |b Timss and Pirls |c 2011 | ||
| 500 | |a v.1: Matemática | ||
| 500 | |a v.2: Ciencias | ||
| 650 | 0 | |a Evaluación de la educación |9 237505 | |
| 650 | 0 | |a Competencias |9 341916 | |
| 650 | 0 | |a Matemáticas |x Enseñanza |9 875527 | |
| 650 | 0 | |a Enseñanza de las ciencias |9 331919 | |
| 583 | |a last modification |c 20131018 14:00:00 |k Rodrigo Vera | ||
| 999 | |c 353491 |d 353489 | ||
| 952 | |0 0 |1 0 |3 erb |4 0 |6 371_260000000000000_AGE_2011 |7 0 |8 A |9 458775 |a BIBEDU |b BIBEDU |d 2019-11-23 |h v.1 |i 5018447 |o 371.26 AGE 2011 |p 5018447 |r 2019-11-23 |w 2019-11-23 |y BK |z Catalogado en:20131018 |k EPE | ||
| 952 | |0 0 |1 0 |3 erb |4 0 |6 371_260000000000000_AGE_2011 |7 0 |8 A |9 458776 |a BIBEDU |b BIBEDU |d 2019-11-23 |h v.1 |i 5018455 |o 371.26 AGE 2011 |p 5018455 |r 2019-11-23 |w 2019-11-23 |y BK |z Catalogado en:20131018 |k EPE | ||
| 952 | |0 0 |1 0 |3 erb |4 0 |6 371_260000000000000_AGE_2011 |7 0 |8 A |9 458777 |a BIBEDU |b BIBEDU |d 2019-11-23 |h v.1 |i 5018463 |o 371.26 AGE 2011 |p 5018463 |r 2019-11-23 |w 2019-11-23 |y BK |z Catalogado en:20131018 |k EPE | ||
| 952 | |0 0 |1 0 |3 erb |4 0 |6 371_260000000000000_AGE_2011 |7 0 |8 A |9 458778 |a BIBEDU |b BIBEDU |d 2019-11-23 |h v.2 |i 5018471 |o 371.26 AGE 2011 |p 5018471 |r 2019-11-23 |w 2019-11-23 |y BK |z Catalogado en:20131018 |k EPE | ||
| 952 | |0 0 |1 0 |3 erb |4 0 |6 371_260000000000000_AGE_2011 |7 0 |8 A |9 458779 |a BIBEDU |b BIBEDU |d 2019-11-23 |h v.2 |i 501848K |o 371.26 AGE 2011 |p 501848K |r 2019-11-23 |w 2019-11-23 |y BK |z Catalogado en:20131018 |k EPE | ||
| 952 | |0 0 |1 0 |3 erb |4 0 |6 371_260000000000000_AGE_2011 |7 0 |8 A |9 458780 |a BIBEDU |b BIBEDU |d 2019-11-23 |h v.2 |i 5018498 |o 371.26 AGE 2011 |p 5018498 |r 2019-11-23 |w 2019-11-23 |y BK |z Catalogado en:20131018 |k EPE | ||
| 952 | |0 0 |1 0 |3 erb |4 0 |6 371_260000000000000_AGE_2011 |7 0 |8 A |9 458786 |a BIBMAT |b BIBMAT |c E_DIDACT |d 2019-11-23 |h v.1 |i 5022061 |o 371.26 AGE 2011 |p 5022061 |r 2025-01-07 |w 2019-11-23 |y BK |z Catalogado en:20131018 |k MAT | ||